Elden Ring Talismans - Statistics

General Stats
  • This quiz has been taken 98 times
  • The average score is 33 of 115
Answer Stats
Answer % Correct
Green Turtle Talisman
67%
Axe Talisman
63%
Godfrey Icon
60%
Flamedrake Talisman
58%
Flamedrake Talisman +1
58%
Flamedrake Talisman +2
58%
Radagon Icon
58%
Radagon's Scarseal
56%
Crimson Amber Medallion
54%
Crimson Amber Medallion +1
54%
Crimson Amber Medallion +2
54%
Radagon's Soreseal
54%
Greatshield Talisman
52%
Marika's Scarseal
52%
Marika's Soreseal
52%
Spear Talisman
52%
Shard of Alexander
48%
Cerulean Amber Medallion
44%
Cerulean Amber Medallion +1
44%
Cerulean Amber Medallion +2
44%
Claw Talisman
44%
Dragoncrest Greatshield Talisman
44%
Shabriri's Woe
44%
Dagger Talisman
42%
Fire Scorpion Charm
42%
Dragoncrest Shield Talisman
40%
Dragoncrest Shield Talisman +1
40%
Dragoncrest Shield Talisman +2
40%
Magic Scorpion Charm
40%
Twinblade Talisman
40%
Boltdrake Talisman
38%
Boltdrake Talisman +1
38%
Boltdrake Talisman +2
38%
Erdtree's Favor
38%
Erdtree's Favor +1
38%
Erdtree's Favor +2
38%
Lightning Scorpion Charm
35%
Starscourge Heirloom
35%
Viridian Amber Medallion
33%
Warrior Jar Shard
33%
Curved Sword Talisman
31%
Great-Jar's Arsenal
31%
Millicent's Prosthesis
31%
Spelldrake Talisman
31%
Spelldrake Talisman +1
31%
Spelldrake Talisman +2
31%
Two Fingers Heirloom
31%
Viridian Amber Medallion +1
31%
Viridian Amber Medallion +2
31%
Hammer Talisman
29%
Old Lord's Talisman
29%
Pearldrake Talisman
29%
Pearldrake Talisman +1
29%
Pearldrake Talisman +2
29%
Rotten Winged Sword Insignia
29%
Sacred Scorpion Charm
29%
Flock's Canvas Talisman
27%
Haligdrake Talisman
27%
Haligdrake Talisman +1
27%
Haligdrake Talisman +2
27%
Moon of Nokstella
27%
Winged Sword Insignia
27%
Blue Dancer Charm
25%
Cerulean Seed Talisman
25%
Crimson Seed Talisman
25%
Lance Talisman
25%
Lord of Blood's Exultation
25%
Ritual Sword Talisman
25%
Arsenal Charm
23%
Arsenal Charm +1
23%
Blessed Dew Talisman
23%
Daedicar's Woe
23%
Graven-Mass Talisman
23%
Graven-School Talisman
23%
Ritual Shield Talisman
23%
Arrow's Reach Talisman
21%
Prosthesis-Wearer Heirloom
21%
Stargazer Heirloom
21%
Crucible Feather Talisman
19%
Sacrificial Twig
19%
Arrow's Sting Talisman
17%
Bull-Goat's Talisman
15%
Clarifying Horn Charm
15%
Clarifying Horn Charm +1
15%
Red-Feathered Branchsword
15%
Blue-Feathered Branchsword
13%
Crucible Knot Talisman
13%
Faithful's Canvas Talisman
13%
Immunizing Horn Charm
13%
Immunizing Horn Charm +1
13%
Kindred of Rot's Exultation
13%
Mottled Necklace
13%
Mottled Necklace +1
13%
Carian Filigreed Crest
10%
Companion Jar
10%
Crepus's Vial
10%
Godskin Swaddling Cloth
10%
Gold Scarab
10%
Perfumer's Talisman
10%
Silver Scarab
10%
Host's Trick Mirror
8%
Longtail Cat Talisman
8%
Stalwart Horn Charm
8%
Stalwart Horn Charm +1
8%
Concealing Veil
6%
Crucible Scale Talisman
6%
Primal Glintstone Blade
6%
Prince of Death's Cyst
6%
Roar Medallion
6%
Taker's Cameo
6%
Ancestral Spirit's Horn
4%
Furled Finger's Trick Mirror
4%
Prince of Death's Pustule
4%
Assassin's Cerulean Dagger
2%
Assassin's Crimson Dagger
2%
No matching quizzes found
Score Distribution
Percent of People with Each Score
Percentile by Number Answered
Your Score History
You have not taken this quiz